| 000 | 00902nam a2200253 a 4500 | ||
|---|---|---|---|
| 001 | BRCA_2188 | ||
| 005 | 20190320203716.0 | ||
| 008 | 880218s1986 mx-a---##b---#000-0#spa-# | ||
| 020 | _a9687009101 | ||
| 040 |
_aDLC _cDLC _dDLC |
||
| 050 | 4 |
_aF1219.3 _b.P74 1987 |
|
| 245 | 1 | 0 |
_aPresencia de la comida prehispánica _ctexto y recolección Teresa Castelló Yturbide ; fotografía Michel Zabé ; realización científica Ignacio Piña Luján. |
| 250 | _a2 | ||
| 260 |
_aMéxico _bFomento Cultural Banamex _c1987 |
||
| 300 |
_a193 p. _bil. a color _c28 cm. |
||
| 500 | _aIncluye citas bibliográficas | ||
| 504 | _aBibliografía : p. 185-188 | ||
| 650 | 1 | 4 |
_aIndígenas de México _xAlimento _96597 |
| 650 | 1 | 4 |
_aIndígenas de México _xTrabajos Ilustrados _96598 |
| 700 | 1 |
_aZabé, Michel _938 |
|
| 700 | 1 |
_aPiña Luján, Ignacio _96599 |
|
| 700 | 1 |
_aCastelló Yturbide, Teresa _92444 |
|
| 942 |
_2lcc _cB |
||
| 999 |
_c1944 _d1944 |
||